La trama invisible / (Record no. 22438)

000 -CABECERA
campo de control de longitud fija 00632nam a22001937a 4500
003 - IDENTIFICADOR DEL NÚMERO DE CONTROL
campo de control OSt
005 - FECHA Y HORA DE LA ÚLTIMA TRANSACCIÓN
campo de control 20220704100129.0
008 - DATOS DE LONGITUD FIJA--INFORMACIÓN GENERAL
campo de control de longitud fija 180228s2017 pe 000 0 spa
020 ## - NÚMERO INTERNACIONAL ESTÁNDAR DEL LIBRO
Número Internacional Estándar del Libro 978-612-47289-0-7
040 ## - FUENTE DE LA CATALOGACIÓN
Centro/agencia transcriptor Biblioteca Municipal de Cusco
082 ## - NÚMERO DE LA CLASIFICACIÓN DECIMAL DEWEY
Número de clasificación 869.57/B833T
Notación interna B833T
100 ## - ENTRADA PRINCIPAL--NOMBRE DE PERSONA
Nombre de persona Briceño Ángeles, Cristhian Andrés
Fechas asociadas al nombre 1984-
9 (RLIN) 48178
245 ## - MENCIÓN DE TÍTULO
Título La trama invisible /
Mención de responsabilidad, etc. Cristhian Briceño
250 ## - MENCIÓN DE EDICIÓN
Mención de edición Segunda edición, primera impresión
260 ## - PUBLICACIÓN, DISTRIBUCIÓN, ETC.
Lugar de publicación, distribución, etc. Lima :
Nombre del editor, distribuidor, etc. Paracaídas Editores,
Fecha de publicación, distribución, etc. 2020.
300 ## - DESCRIPCIÓN FÍSICA
Extensión 111, [4] páginas. :
Dimensiones 20 cm.
650 ## - PUNTO DE ACCESO ADICIONAL DE MATERIA--TÉRMINO DE MATERIA
Término de materia o nombre geográfico como elemento de entrada Prosas poéticas peruanas
Subdivisión general Siglo XXI
9 (RLIN) 48179
942 ## - ELEMENTOS DE PUNTO DE ACCESO ADICIONAL (KOHA)
Fuente del sistema de clasificación o colocación
Tipo de ítem Koha Libros-BMC
Holdings
Estado de retiro Estado de pérdida Fuente del sistema de clasificación o colocación Estado dañado No para préstamo Localización permanente Ubicación/localización actual Ubicación en estantería Fecha de adquisición Fuente de adquisición Coste, precio normal de compra Signatura topográfica completa Código de barras Fecha visto por última vez Precio válido a partir de Tipo de ítem Koha
          Sala Humanidades Sala Humanidades Book Cart 2022-07-04 Donación 20.00 869.57/B833T SH0000016323 2022-07-04 2022-07-04 Libros-BMC
          Sala Humanidades Sala Humanidades Book Cart 2022-07-04 Donación 20.00 869.57/B833T/e.2 SH0000016324 2022-07-04 2022-07-04 Libros-BMC

Powered by Koha